00906nam a2200241 a 4500001001000000003000500010005001700015008004100032010001100073011001100084040000900095100002700104245014600131260004100277500006000318502007500378650003200453650003300485650003300518650002700551856001600578856007000594000113005CHAP20220329144333.0170313s2016 mx a fsm |||||||spa d a109466 a110438 cCHAP1 aAzueta Pérez, René10aEvaluación de genotipos en la producción de carne en un sistema de doble propósito tropical /h[En línea]cpor René Azueta Peréz. aChapingo, Méx. :bEl autor,c2016. aPara ver el contenido del material haga clic en la liga aTesis (Ing. Agr. Esp. en Zootecnia) -- UACH. Departamento de Zootecnia14aCarne de resxProducción.14aGanado de carnexGenética.14aGanado de carnexTrópicos.14aGanado vacunoxCruzas. a1 n0000682 aFinding aiduhttp://10.13.5.2/tesis/sist113005.pdfzTeclea aquí